| 000 | 00712nam a2200217Ia 4500 | ||
|---|---|---|---|
| 001 | 9806 | ||
| 003 | GE_BSU | ||
| 008 | 181216s||||||||xx |||||||||||||| ||und|| | ||
| 040 | _cGE_BSU | ||
| 080 | _a821.353.1–2 | ||
| 100 | _aნახუცრიშვილი,გ. | ||
| 245 | _aსიჭაბუკე ბელადისა. პიესა 4 მოქმ. | ||
| 245 | _cრედ.დ.მაისურაძე.მხატვ.ვ.გრიგოლია | ||
| 260 | _aთბილისი | ||
| 260 | _bსბლიტგამი | ||
| 260 | _c1951 | ||
| 300 | _a83გვ.23სმ. | ||
| 653 | _aპიესა | ||
| 653 | _aსიჭაბუკე ბელადისა | ||
| 942 | _cBK | ||
| 999 |
_c43086 _d43086 |
||